Score 0/25 Timer 06:00
11 Plays Today
Number Artist % Correct
9Claude Monet
88.9%
4Michelangelo
61.3%
1Raphael
50.8%
24Jackson Pollock
49.3%
14Henri Matisse
47.9%
12Edward Hopper
41.6%
15Henri de Toulouse-Lautrec
35.9%
6Hieronymus Bosch
35.5%
2Diego Velázquez
33.7%
5Paul Gauguin
31.8%
19Jacques-Louis David
30.4%
10Joan Miró
28.8%
20Banksy
22.7%
Number Artist % Correct
7Henri Rousseau
22.6%
22Albrecht Dürer
22.5%
3Titian
20.1%
13Winslow Homer
16.5%
23Grandma Moses
16%
17Théodore Géricault
15.6%
18Jean-Honoré Fragonard
14.4%
11John Singer Sargent
9.6%
21Antoine Watteau
8.2%
16Giovanni Bellini
4.5%
8Vasily Surikov
2.8%
25Edmund Charles Tarbell
2.5%

You're not logged in!

Compare scores with friends on all Sporcle quizzes.
OR
Log In

Sporcle TV

Today on Sporcle TV


Watch our educational content, quiz creation guides, and fun videos on Sporcle TV.

Show Comments

Extras

Top Quizzes Today


Score Distribution

Paid Content

Your Account Isn't Verified!

In order to create a playlist on Sporcle, you need to verify the email address you used during registration. Go to your Sporcle Settings to finish the process.

Report this User

Report this user for behavior that violates our Community Guidelines.

Details: